MARC

LEADER 00000nam0a2200000 4500
001 197446
005 20231031183458.0
035 |a (RuTPU)RU\TPU\book\215378 
090 |a 197446 
100 |a 20110611d1981 km y0rusy50 ca 
101 0 |a rus 
102 |a RU 
105 |a a z 001zy 
200 1 |a Бурильщику об отборе керна  |f И. К. Князев 
210 |a Москва  |c Недра  |d 1981 
215 |a 102 с.  |c ил. 
320 |a Библиогр.: с. 99-101. 
610 1 |a керны 
610 1 |a отбор 
610 1 |a факторы 
610 1 |a силы 
610 1 |a влияние 
610 1 |a инструменты 
610 1 |a приспособления 
610 1 |a выбор 
610 1 |a экономическая эффективность 
675 |a 550.82  |v 3 
700 1 |a Князев  |b И. К.  |g Игорь Константинович 
801 1 |a RU  |b 63413507  |c 20110611 
801 2 |a RU  |b 63413507  |c 20151110  |g RCR 
942 |c BK